Countries Covered By Circles - Statistics

General Stats
  • This quiz has been taken 23 times
  • The average score is 19 of 24
Answer Stats
Picture Answer % Correct
Australia
95%
China
95%
Egypt
95%
France
95%
India
95%
Norway
95%
United Kingdom
95%
United States
95%
Cyprus
91%
Mexico
86%
Somalia
86%
Brazil
82%
Chad
82%
Libya
82%
Mali
77%
Thailand
73%
Vatican City
73%
Jordan
64%
Kazakhstan
64%
D. R. Congo
59%
Italy
59%
Angola
55%
Croatia
55%
Guatemala
50%
No matching quizzes found
Score Distribution
Percent of People with Each Score
Percentile by Number Answered
Your Score History
You have not taken this quiz